Alaska's At-Large Congressional District Reps by Picture - Statistics

General Stats
  • This quiz has been taken 10 times
    5 since last reset
  • The average score is 4 of 6
Answer Stats
Picture Hint Answer % Correct
2025-Present Nick Begich III
100%
1971-1972 Nick Begich Sr.
100%
1973-2022 Don Young
80%
2022-2025 Mary Peltola
80%
1967-1971 Howard Wallace Pollock
20%
1959-1966 Ralph Rivers
20%
No matching quizzes found
Score Distribution
Percent of People with Each Score
Percentile by Number Answered
Your Score History
You have not taken this quiz since the last reset